Who said that? Supernatural season 1-4 Quiz Stats

 Plays Quiz not verified by Sporcle

Challenge
Share
Tweet
Embed
Score 0/20 Timer 03:00
1 Play Today
% Correct
Dean
82%
Dean
81.7%
Dean
81.4%
Dean
81.3%
Castiel
80.9%
Castiel
79.6%
Bobby
79.4%
Bobby
78.2%
Ruby
71.7%
Ruby
71.2%
% Correct
Sam
67.9%
Sam
66.6%
Sam
66.4%
Trickster
58.2%
Andy
57.4%
Pamela
44.1%
Bela
34.8%
Meg
34.1%
Jo
30.6%
Anna
23.9%

You're not logged in!

Compare scores with friends on all Sporcle quizzes.
Join for Free
OR
Log In

You Might Also Like...

Show Comments

Extras

Top Quizzes Today


Score Distribution

Your Account Isn't Verified!

In order to create a playlist on Sporcle, you need to verify the email address you used during registration. Go to your Sporcle Settings to finish the process.

Report this User

Report this user for behavior that violates our Community Guidelines.

Details: